| 000 | 00000nam##2200000za#4500 |
| 001 | 9.606557 |
| 003 | CaOODSP |
| 005 | 20210624212703 |
| 007 | cr ||||||||||| |
| 008 | 150406|1995||||xxc|||||o f|0| 0 fre|d |
| 040 | |aCaOODSP|bfre |
| 043 | |an-cn--- |
| 086 | 1 |aLU2-153/204-1995F-PDF |
| 110 | 1 |aCanada.|bDéveloppement des ressources humaines Canada. |bAssurance-chômage. |
| 245 | 13|aLa durée d'emploi et l'assurance-chômage : |h[ressource électronique]|bemplois saisonniers et non saisonniers / |cpar David A. Green et Timothy C. Sargent. |
| 260 | |aOttawa - Ontario : |bDéveloppement des ressources humaines Canada. |cMai 1995. |
| 300 | |a57p.|bfigures, tableaux |
| 490 | 1 |aSérie d'évaluations de l'assurance-chômage |
| 500 | |a«Incidence de l'assurance- chômage sur le comportement des travailleurs» |
| 504 | |aBibliographie. |
| 590 | |a14-03-Supp|b2014-01-17 |
| 775 | 08|tUnemployment insurance and employment durations : |w(CaOODSP)9.578715 |
| 776 | 0#|tLa durée d'emploi et l'assurance-chômage : |w(CaOODSP)9.623735 |
| 830 | #0|aSérie d'évaluations de l'assurance-chômage.|w(CaOODSP)9.503822 |
| 856 | 40|ahttp://publications.gc.ca|qPDF|s551 Ko|uhttps://publications.gc.ca/collections/collection_2014/rhdcc-hrsdc/LU2-153-204-1995-fra.pdf |
| 986 | |aIN-AH-204F-05-95 |